[Event "Newport Open"]
[Site "?"]
[Date "2023.09.10"]
[Round "4"]
[White "Smith, Alun"]
[Black "Wilkins, Mark"]
[Result "1/2-1/2"]
[WhiteElo "1756"]
[BlackElo "1904"]
[PlyCount "59"]
[EventDate "2023.??.??"]
[SourceVersionDate "2023.09.23"]

1. e4 c6 2. d4 d5 3. e5 c5 4. dxc5 Nc6 5. Nf3 Bg4 6. Bb5 Qa5+ 7. Nc3 e6 8. Bxc6+ bxc6 9. O-O Bxc5 10. a3 Qc7 11. b4 Bxf3 12. gxf3 Bb6 13. f4 Ne7 14. Qg4 Nf5 15. Bb2 a6 16. Ne2 Qa7 17. Ng3 h5 18. Qf3 Nh4 19. Qe2 g6 20. c4 Qb7 21. c5 Bd8 22. Bc3 Be7 23. Qd1 Qb5 24. Ne2 Nf5 25. Nd4 Nxd4 26. Qxd4 Qe2 27. Qe3 Qxe3 28. fxe3 Kd7 29. Kf2 Bd8 30. Kf3 1/2-1/2

[Event "Newport Open"]
[Site "?"]
[Date "2023.09.10"]
[Round "4"]
[White "Spencer, Lawrence"]
[Black "May, Adam"]
[Result "0-1"]
[WhiteElo "1666"]
[BlackElo "1881"]
[PlyCount "112"]
[EventDate "2023.??.??"]
[SourceVersionDate "2023.09.25"]

1. e4 c6 2. d4 d5 3. exd5 cxd5 4. Bd3 Nc6 5. c3 Nf6 6. Bf4 Bg4 7. Qb3 Qd7 8. Nd2 e6 9. Ngf3 Bd6 10. Bxd6 Qxd6 11. O-O O-O 12. Rae1 Bxf3 13. Nxf3 Qc7 14. Qc2 Rab8 15. Ne5 Rfc8 16. Qd2 b5 17. Qg5 b4 18. Re3 Nxe5 19. dxe5 Nd7 20. f4 Nf8 21. f5 exf5 22. Bxf5 Re8 23. Rff3 Qe7 24. Qxe7 Rxe7 25. cxb4 Rxb4 26. Re2 g6 27. Bb1 Nd7 28. Rfe3 Rb8 29. Kf2 Nxe5 30. Kg3 Nc6 31. Rxe7 Nxe7 32. Kf4 Kf8 33. b4 d4 34. Re4 Rd8 35. Bd3 f5 36. Re5 Nd5+ 37. Kg5 Nc3 38. h4 Nd1 39. Re2 Ne3 40. h5 Kg7 41. h6+ Kf7 42. b5 Rc8 43. a4 Rc3 44. Bb1 Ra3 45. Ra2 Rb3 46. Bc2 Rb4 47. Bd3 Rb3 48. Bc2 Rc3 49. Bb1 Nd5 50. Rc2 Rg3+ 51. Kh4 Rg4+ 52. Kh3 Nc3 53. Ba2+ Kf6 54. Bc4 Kg5 55. Be2 Rh4+ 56. Kg3 Ne4+ 0-1

[Event "Newport Open"]
[Site "?"]
[Date "2023.09.10"]
[Round "4"]
[White "Walker, Max"]
[Black "Smith, Callum"]
[Result "1/2-1/2"]
[WhiteElo "1879"]
[BlackElo "1409"]
[PlyCount "260"]
[EventDate "2023.??.??"]
[SourceVersionDate "2023.09.25"]

1. e4 d5 2. exd5 Qxd5 3. Nc3 Qa5 4. d4 Nf6 5. Bc4 Bf5 6. Nge2 e6 7. O-O c6 8. Ng3 Bd6 9. Nce2 Bg6 10. Bf4 Qc7 11. Bxd6 Qxd6 12. Qd2 O-O 13. Nf4 b5 14. Nxg6 hxg6 15. Be2 Nbd7 16. Rad1 Nb6 17. b3 Rfd8 18. Qc1 b4 19. c4 bxc3 20. Qxc3 Nbd5 21. Qb2 Rac8 22. Bf3 c5 23. dxc5 Qxc5 24. h3 Qc3 25. Qa3 a5 26. Ne2 Qb4 27. Qb2 Nf4 28. Nxf4 Qxf4 29. Rxd8+ Rxd8 30. Qc3 Qd2 31. Qa1 Rc8 32. Rd1 Qf4 33. Qb1 Nd5 34. Qd3 Nb4 35. Qd7 Qc7 36. Qxc7 Rxc7 37. Rd8+ Kh7 38. Ra8 Rc5 39. Ra7 Kg8 40. a4 Nd3 41. Be2 Rc3 42. Rxa5 Rxb3 43. Ra8+ Kh7 44. a5 Nf4 45. Bf1 Rb1 46. Rf8 Ne2+ 47. Kh2 Rxf1 48. Rxf7 Ra1 49. Re7 Rxa5 50. Rxe6 Nd4 51. Re4 Nf5 52. g3 Ra2 53. Rf4 Rd2 54. Kg2 Rd4 55. Rf3 Kh6 56. Ra3 g5 57. Ra5 g6 58. Ra2 g4 59. hxg4 Rxg4 60. Rb2 Rc4 61. Ra2 Nd4 62. Rd2 g5 63. Kh3 g4+ 64. Kg2 Kg5 65. Rb2 Rc1 66. Rb8 Rc6 67. Rg8+ Kf5 68. Rf8+ Rf6 69. Rh8 Nf3 70. Ra8 Rd6 71. Rf8+ Ke4 72. Rf4+ Ke5 73. Rxg4 Nd4 74. Rg8 Rf6 75. Re8+ Kf5 76. Rd8 Ne6 77. Rd5+ Kg6 78. Ra5 Rf5 79. Ra6 Rf6 80. Ra4 Rf5 81. Rb4 Rc5 82. Kf3 Kf5 83. Ra4 Rc3+ 84. Kg2 Rc5 85. Rb4 Rc2 86. Rb5+ Rc5 87. Rb7 Rc7 88. Rb1 Rc2 89. Rd1 Rc5 90. Rd7 Rc7 91. Rd5+ Kf6 92. Rd3 Rc5 93. Re3 Re5 94. Ra3 Rc5 95. Rb3 Kf5 96. Rb1 Rc2 97. Re1 Rc5 98. Re2 Re5 99. Ra2 Rc5 100. Ra8 Rc7 101. Rh8 Rg7 102. Re8 Kf6 103. Rh8 Kf5 104. Rh5+ Rg5 105. Rh4 Rg4 106. Rh2 Rg7 107. Rh1 Rg8 108. Rf1 Rg7 109. f3 Rc7 110. Rf2 Rh7 111. Ra2 Rc7 112. Rb2 Rc3 113. Rd2 Rc5 114. Re2 Rc3 115. Rd2 Rc5 116. Kf2 Rb5 117. Ra2 Rc5 118. g4+ Kf6 119. Ra3 Rc2+ 120. Kg3 Rc1 121. Ra5 Rc5 122. Ra6 Rc1 123. Ra5 Rc5 124. Ra1 Rc3 125. Kf2 Nd4 126. Ra8 Rxf3+ 127. Kg2 Kg5 128. Rg8+ Kf4 129. Rf8+ Kxg4 130. Rxf3 Nxf3 1/2-1/2

[Event "Newport Open"]
[Site "?"]
[Date "2023.09.10"]
[Round "4"]
[White "Wu, Yuxuan"]
[Black "Sanchez, Luis Ortez"]
[Result "1-0"]
[WhiteElo "1660"]
[BlackElo "1874"]
[PlyCount "99"]
[EventDate "2023.??.??"]
[SourceVersionDate "2023.09.25"]

1. d4 d6 2. Nf3 Bg4 3. e4 Nd7 4. Be2 g6 5. h3 Bxf3 6. Bxf3 e5 7. c3 Bg7 8. O-O Ne7 9. Na3 O-O 10. Re1 c6 11. Nc4 Nb6 12. Nxb6 Qxb6 13. dxe5 Bxe5 14. Qc2 Rad8 15. Be3 Qc7 16. Rad1 Rfe8 17. Qb3 b6 18. a4 c5 19. Be2 Nc6 20. Bb5 Na5 21. Qd5 Rf8 22. Bh6 Bg7 23. Bxg7 Kxg7 24. b4 Nb7 25. Bc6 Rb8 26. Bxb7 Rxb7 27. b5 Re8 28. Qxd6 Qxd6 29. Rxd6 Rbe7 30. f3 Kf8 31. Red1 Rc8 32. Kf2 Kg7 33. Kg3 Rce8 34. Kf4 Rc8 35. g4 h6 36. h4 Rce8 37. R1d5 f6 38. a5 g5+ 39. hxg5 hxg5+ 40. Ke3 bxa5 41. Rxc5 Rb8 42. Ra6 Rbb7 43. Rxa5 Rbc7 44. Rxc7 Rxc7 45. Ra3 Kf7 46. Kd4 Ke6 47. Ra6+ Ke7 48. c4 Rd7+ 49. Kc5 Rd3 50. Rxa7+ 1-0

[Event "Newport Open"]
[Site "?"]
[Date "2023.09.10"]
[Round "4"]
[White "Gibbons, Andrew"]
[Black "Norris, Zack"]
[Result "1/2-1/2"]
[WhiteElo "1925"]
[BlackElo "1684"]
[PlyCount "39"]
[EventDate "2023.??.??"]
[SourceVersionDate "2023.09.25"]

1. d4 Nf6 2. c4 e6 3. Nc3 Bb4 4. Bd2 O-O 5. a3 Be7 6. Nf3 d5 7. Bf4 c5 8. dxc5 Bxc5 9. e3 b6 10. cxd5 exd5 11. b4 Be7 12. Be2 Bb7 13. O-O Ne4 14. Nb5 Nc6 15. Rc1 Bf6 16. Nbd4 Rc8 17. Nxc6 Rxc6 18. Rxc6 Bxc6 19. Ba6 b5 20. a4 1/2-1/2

[Event "Newport Open"]
[Site "?"]
[Date "2023.09.10"]
[Round "4"]
[White "Thomas, James"]
[Black "Gore, Bob"]
[Result "1-0"]
[WhiteElo "1895"]
[BlackElo "1669"]
[PlyCount "75"]
[EventDate "2023.??.??"]
[SourceVersionDate "2023.09.25"]

1. e4 c6 2. d4 d5 3. exd5 cxd5 4. Bd3 Nc6 5. c3 Qc7 6. h3 Nf6 7. Nf3 e5 8. Nxe5 Nxe5 9. Qe2 Nfd7 10. f4 Be7 11. fxe5 Bh4+ 12. Kd1 Nf8 13. Na3 a6 14. Nc2 Be6 15. Bf4 Ng6 16. Bh2 Bg5 17. Ne3 Nf4 18. Bxf4 Bxf4 19. Qf3 Bxe3 20. Qxe3 O-O-O 21. Kd2 h6 22. a4 Rhe8 23. Qf2 Qb6 24. b4 Kb8 25. a5 Qc7 26. Rhb1 Ka7 27. b5 axb5 28. Rxb5 Rb8 29. Rb6 Rec8 30. Ra3 Qe7 31. Rab3 Rc6 32. Kc1 Bc8 33. Qb2 Ra8 34. R3b5 Qd7 35. Bf5 Qxf5 36. Rxb7+ Bxb7 37. Rxb7+ Ka6 38. Qb5# 1-0

[Event "Newport Open"]
[Site "?"]
[Date "2023.09.10"]
[Round "4"]
[White "Davies, Callum"]
[Black "Cossins-Smith, Joe"]
[Result "0-1"]
[WhiteElo "1734"]
[BlackElo "1518"]
[PlyCount "62"]
[EventDate "2023.??.??"]
[SourceVersionDate "2023.09.25"]

1. e4 c5 2. b3 Nc6 3. Bb2 d6 4. Nc3 Nf6 5. f4 Bg4 6. Be2 Bxe2 7. Qxe2 Nd4 8. Qd3 a6 9. Nf3 Nc6 10. a3 e6 11. O-O Be7 12. Ne2 O-O 13. Ng3 d5 14. e5 Qb6 15. Kh1 Nd7 16. f5 c4 17. Qe2 exf5 18. Nxf5 Rae8 19. d4 Bd8 20. b4 Re6 21. c3 f6 22. Rae1 fxe5 23. Nxe5 Ncxe5 24. dxe5 Rxe5 25. Nh6+ gxh6 26. Rxf8+ Kxf8 27. Rf1+ Bf6 28. Qg4 Qe6 29. Qf3 Re1 30. Bc1 Rxf1+ 31. Qxf1 Kg7 0-1

[Event "Newport Open"]
[Site "?"]
[Date "2023.09.10"]
[Round "4"]
[White "Szakmany, Bence"]
[Black "Smith, Ellison"]
[Result "1/2-1/2"]
[WhiteElo "1700"]
[BlackElo "1496"]
[PlyCount "81"]
[EventDate "2023.??.??"]
[SourceVersionDate "2023.09.25"]

1. Nf3 d5 2. d4 Nf6 3. g3 Bf5 4. Bg2 e6 5. O-O c5 6. c3 Nc6 7. e3 Bd6 8. Nbd2 Ne4 9. Nh4 Nxd2 10. Qxd2 Bg6 11. f4 O-O 12. Nxg6 hxg6 13. Qf2 f5 14. Bf3 Kf7 15. g4 Ne7 16. g5 Rh8 17. h4 Rh7 18. Kg2 Qb6 19. Rh1 Rah8 20. b3 Ke8 21. Bd2 Qc7 22. Rac1 c4 23. b4 b5 24. Ra1 a5 25. a3 a4 26. Rh2 Kd7 27. Rah1 Qd8 28. Qf1 Qe8 29. Rh3 Qg8 30. R1h2 Bc7 31. Qh1 Bd6 32. Kf1 Bc7 33. Kg2 Bb6 34. Be1 Bd8 35. Kf1 Kd6 36. h5 gxh5 37. Rxh5 Rxh5 38. Rxh5 Rxh5 39. Qxh5 g6 40. Qh6 Kd7 41. Ke2 1/2-1/2

[Event "Newport Open"]
[Site "?"]
[Date "2023.09.10"]
[Round "4"]
[White "Golley, Andrew"]
[Black "Hannigan, Jack"]
[Result "0-1"]
[WhiteElo "1679"]
[BlackElo "1745"]
[PlyCount "56"]
[EventDate "2023.??.??"]
[SourceVersionDate "2023.09.25"]

1. Nf3 Nf6 2. d3 g6 3. e4 d6 4. g3 Bg7 5. Bg2 c5 6. O-O O-O 7. Nbd2 Nc6 8. c3 Nd7 9. Re1 Nde5 10. Nxe5 Bxe5 11. f4 Bg7 12. Nf3 Qc7 13. d4 cxd4 14. Nxd4 Nxd4 15. cxd4 e5 16. Be3 Rd8 17. Rc1 Qa5 18. Re2 Bg4 19. Qe1 Qxa2 20. Rec2 exd4 21. b4 Qb3 22. Bf2 d3 23. Rc7 Rdc8 24. Rxc8+ Rxc8 25. Rxc8+ Bxc8 26. Qd2 Qc2 27. Be1 Bg4 28. Bf1 Bd4+ 0-1

[Event "Newport Open"]
[Site "?"]
[Date "2023.09.10"]
[Round "4"]
[White "Morgans, Justin"]
[Black "Sandbrink, Kai"]
[Result "0-1"]
[WhiteElo "1640"]
[BlackElo "1720"]
[PlyCount "126"]
[EventDate "2023.??.??"]
[SourceVersionDate "2023.09.25"]

1. d4 Nf6 2. Nf3 g6 3. Bf4 Bg7 4. e3 O-O 5. Be2 d6 6. Nbd2 Nbd7 7. c3 Re8 8. O-O e5 9. dxe5 dxe5 10. Bg5 c6 11. Qc2 Qc7 12. Rfd1 Nc5 13. e4 Ne6 14. Bh4 Nf4 15. Bf1 h6 16. Bxf6 Bxf6 17. Nc4 Bg4 18. Ne3 Bxf3 19. gxf3 Bg7 20. Rd2 Rad8 21. Rad1 Rxd2 22. Rxd2 Qe7 23. Qd1 Qg5+ 24. Kh1 Re7 25. Rd8+ Kh7 26. Rd7 Qh4 27. Rxe7 Qxe7 28. Ng2 Nh3 29. Qe2 Qc5 30. Ne3 Nf4 31. Qc4 Qe7 32. Ng2 Nh3 33. Qe2 Qg5 34. Qe3 b6 35. Ba6 Bf8 36. b4 c5 37. a3 Qd8 38. Bc4 Qd1+ 39. Ne1 Kg7 40. Kg2 Nf4+ 41. Kg3 Be7 42. h4 g5 43. h5 Nxh5+ 44. Kg4 Nf4 45. Kg3 cxb4 46. axb4 h5 47. Kh2 Qd7 48. Bf1 Qd1 49. Bh3 Qe2 50. Ng2 Qxe3 51. Nxe3 Bf8 52. Nf5+ Kf6 53. Bf1 a5 54. bxa5 bxa5 55. Bb5 Bc5 56. Ne3 Bxe3 57. fxe3 Ne6 58. Kg3 Nc5 59. Bc6 a4 60. f4 a3 61. fxg5+ Kxg5 62. Bd5 f6 63. Kf3 Na4 0-1

[Event "Newport Open"]
[Site "?"]
[Date "2023.09.10"]
[Round "4"]
[White "Howells, S Wyn"]
[Black "Swamy, Anshul"]
[Result "1/2-1/2"]
[WhiteElo "1661"]
[BlackElo "1475"]
[PlyCount "39"]
[EventDate "2023.??.??"]
[SourceVersionDate "2023.09.25"]

1. d4 d5 2. c4 e6 3. Nf3 c5 4. cxd5 exd5 5. dxc5 Bxc5 6. g3 Nf6 7. Bg2 O-O 8. O-O Nc6 9. Nc3 h6 10. e3 Be6 11. h3 Qd7 12. Kh2 Rad8 13. Na4 Bd6 14. Nd4 Nxd4 15. Qxd4 b5 16. Nc5 Bxc5 17. Qxc5 Rc8 18. Qd4 Rc4 19. Qd1 Rfc8 20. Bd2 1/2-1/2

[Event "Newport Open"]
[Site "?"]
[Date "2023.09.10"]
[Round "4"]
[White "Dixon, Chris"]
[Black "Archibald, Mckenzie"]
[Result "1/2-1/2"]
[WhiteElo "1676"]
[BlackElo "1575"]
[PlyCount "40"]
[EventDate "2023.??.??"]
[SourceVersionDate "2023.09.25"]

1. Nf3 d5 2. g3 Nf6 3. Bg2 Bf5 4. O-O e6 5. d3 c6 6. Nbd2 Nbd7 7. Re1 Qb6 8. e4 dxe4 9. dxe4 Bg6 10. Qe2 Bc5 11. Rf1 h6 12. a3 a5 13. b3 e5 14. Bb2 Bd4 15. c3 Bc5 16. b4 Bd6 17. Nc4 Qc7 18. Nxd6+ Qxd6 19. Rfd1 Qe7 20. Nd2 O-O 1/2-1/2

[Event "Newport Open"]
[Site "?"]
[Date "2023.09.10"]
[Round "5"]
[White "Gordon, Sean"]
[Black "Lavender, James"]
[Result "1/2-1/2"]
[WhiteElo "1911"]
[BlackElo "1997"]
[PlyCount "98"]
[EventDate "2023.??.??"]
[SourceVersionDate "2023.09.26"]

1. c4 Nf6 2. Nf3 e6 3. e3 b6 4. Nc3 Bb7 5. Be2 c5 6. O-O Be7 7. b3 O-O 8. Bb2 d5 9. cxd5 Nxd5 10. Nxd5 Qxd5 11. Qc2 Nd7 12. Rad1 Rac8 13. Qb1 e5 14. d4 cxd4 15. exd4 e4 16. Ne5 Nxe5 17. dxe5 Qc6 18. Bc4 Rcd8 19. Rxd8 Rxd8 20. Rc1 Qg6 21. Bf1 Bc5 22. Rd1 Re8 23. Qc1 Bc8 24. Qf4 h5 25. Bc1 Bg4 26. Re1 Bf5 27. Rd1 Be7 28. h4 Kh7 29. g3 Bb4 30. Be3 Bc3 31. Bd4 Bxd4 32. Rxd4 Qe6 33. Bc4 Qxe5 34. Qxe5 Rxe5 35. Bxf7 g6 36. Bc4 e3 37. fxe3 Rxe3 38. Kf2 Rc3 39. Rd2 Kg7 40. Bd5 Kf6 41. Bf3 Ke5 42. Rd5+ Ke6 43. Rd2 b5 44. b4 a5 45. bxa5 Ra3 46. Bd5+ Ke5 47. Bb3 Rxa5 48. Ke3 b4 49. Rd4 Bb1 1/2-1/2

[Event "Newport Open"]
[Site "?"]
[Date "2023.09.10"]
[Round "5"]
[White "Bullen, Alex"]
[Black "Arkell, Keith"]
[Result "0-1"]
[WhiteElo "2128"]
[BlackElo "2352"]
[PlyCount "64"]
[EventDate "2023.??.??"]
[SourceVersionDate "2023.09.26"]

1. d4 e6 2. Nf3 Nf6 3. Bf4 c5 4. e3 cxd4 5. exd4 Be7 6. Bd3 b6 7. O-O O-O 8. Re1 d6 9. Nbd2 Ba6 10. Bxa6 Nxa6 11. c3 Nc7 12. Bg3 b5 13. a4 a6 14. axb5 axb5 15. Nb3 Ncd5 16. Qe2 Qb6 17. Nfd2 Ra4 18. c4 Rxa1 19. Rxa1 bxc4 20. Qxc4 Nb4 21. Ra4 Rb8 22. Qc1 h6 23. Qa1 Nh5 24. Ra7 Nxg3 25. hxg3 Bg5 26. Qa4 Bxd2 27. Qd7 Rf8 28. Nxd2 Nd3 29. Ne4 Qb4 30. Kh2 Qxd4 31. Ra4 Qxb2 32. Nxd6 Nc5 0-1

[Event "Newport Open"]
[Site "?"]
[Date "2023.09.10"]
[Round "5"]
[White "Blackburn, Jonathan"]
[Black "Varley, Peter"]
[Result "0-1"]
[WhiteElo "2198"]
[BlackElo "2174"]
[PlyCount "66"]
[EventDate "2023.??.??"]
[SourceVersionDate "2023.09.26"]

1. d4 d5 2. c4 c6 3. Nc3 Nf6 4. e3 e6 5. Nf3 Nbd7 6. Qc2 Bd6 7. b3 O-O 8. Bb2 Qe7 9. Be2 dxc4 10. bxc4 e5 11. d5 cxd5 12. cxd5 Nb6 13. e4 Bd7 14. O-O Rfc8 15. Qb3 Bc5 16. a4 Bg4 17. a5 Bxf3 18. gxf3 Nbd7 19. Bb5 Nh5 20. Bxd7 Qxd7 21. Ne2 Bd6 22. Kg2 Rab8 23. h3 b5 24. f4 Nxf4+ 25. Nxf4 exf4 26. e5 Bf8 27. Rac1 Qf5 28. Rc6 Rxc6 29. dxc6 Qg6+ 30. Kf3 Qxc6+ 31. Kxf4 Qg2 32. Rd1 Qxf2+ 33. Kg4 g6 0-1

[Event "Newport Open"]
[Site "?"]
[Date "2023.09.10"]
[Round "5"]
[White "Cave, Iwan"]
[Black "Hill, Andy"]
[Result "0-1"]
[WhiteElo "1850"]
[BlackElo "1846"]
[PlyCount "98"]
[EventDate "2023.??.??"]
[SourceVersionDate "2023.09.26"]

1. d4 Nf6 2. c4 g6 3. Nc3 Bg7 4. e4 d6 5. Be2 O-O 6. Nf3 Nbd7 7. h3 e5 8. d5 Nc5 9. Qc2 a5 10. Be3 Nh5 11. g4 Nf4 12. O-O-O Qe7 13. Rdg1 a4 14. Qd2 a3 15. b3 Bd7 16. Ne1 Rfc8 17. Ng2 c6 18. Bxc5 dxc5 19. Ne3 Bh6 20. Kb1 Rd8 21. h4 f6 22. Qe1 Rdb8 23. Rg3 Bg7 24. Rhg1 Qe8 25. h5 Bh6 26. Qd1 Bg5 27. Nc2 Kg7 28. Ne1 cxd5 29. Nxd5 Nxd5 30. exd5 e4 31. Ng2 Qe5 32. Qc2 b5 33. Qc3 Qd6 34. Re1 bxc4 35. Bxc4 Re8 36. Ne3 Bf4 37. Rh3 Bxe3 38. Rhxe3 Bxg4 39. hxg6 hxg6 40. Bb5 Rh8 41. Bc6 Rad8 42. Kc1 Bf3 43. Qa5 Rh2 44. Qxa3 Rxf2 45. Rc3 Qf4+ 46. Ree3 Qh2 47. Kb1 Rh8 48. Qa7+ Kh6 49. Qxc5 Rb2+ 0-1

[Event "Newport Open"]
[Site "?"]
[Date "2023.09.10"]
[Round "5"]
[White "Kothari, Jai"]
[Black "Atkinson, Paul"]
[Result "1/2-1/2"]
[WhiteElo "1775"]
[BlackElo "2043"]
[PlyCount "74"]
[EventDate "2023.??.??"]
[SourceVersionDate "2023.09.26"]

1. e4 e5 2. Nf3 Nf6 3. Nc3 Bb4 4. Bc4 O-O 5. d3 Bxc3+ 6. bxc3 d5 7. exd5 Nxd5 8. O-O Bg4 9. Bd2 Nb6 10. Bb3 Qf6 11. h3 Bxf3 12. Qxf3 Qxf3 13. gxf3 Nc6 14. f4 Rfe8 15. Rfe1 Kf8 16. fxe5 Nxe5 17. Kg2 Re7 18. f4 Nc6 19. Rxe7 Nxe7 20. Re1 Nf5 21. Bc1 Re8 22. Ba3+ Nd6 23. Rxe8+ Kxe8 24. c4 Nf5 25. c3 Nd7 26. Kf3 Nf6 27. Bc2 Nd6 28. Bb3 Nf5 29. Bc2 Kd7 30. d4 g6 31. Bb3 c6 32. Bb2 Nh5 33. c5 Nh6 34. a4 Ng7 35. a5 a6 36. d5 cxd5 37. Bxd5 Ne6 1/2-1/2

[Event "Newport Open"]
[Site "?"]
[Date "2023.09.10"]
[Round "5"]
[White "May, Adam"]
[Black "Stubbs, Oliver"]
[Result "0-1"]
[WhiteElo "1881"]
[BlackElo "2080"]
[PlyCount "128"]
[EventDate "2023.??.??"]
[SourceVersionDate "2023.09.26"]

1. d4 Nf6 2. Nf3 g6 3. g3 Bg7 4. Bg2 O-O 5. O-O d5 6. c4 dxc4 7. Na3 c5 8. Nxc4 Be6 9. b3 Nc6 10. Bb2 cxd4 11. Nxd4 Nxd4 12. Bxd4 Nd5 13. Bxg7 Kxg7 14. Qd4+ Kg8 15. Rfd1 Nf6 16. Qxd8 Raxd8 17. Bxb7 Rb8 18. Na5 Rfd8 19. Rac1 Kf8 20. f3 Ne8 21. Be4 Rxd1+ 22. Rxd1 Rc8 23. Kf2 Nd6 24. Bd3 Ke8 25. Ke1 Rc3 26. Kd2 Rc5 27. b4 Rh5 28. Rc1 Kd7 29. a4 Bd5 30. h4 g5 31. hxg5 Rxg5 32. g4 h5 33. gxh5 Rxh5 34. Rc5 e6 35. Kc3 Rh1 36. Kb2 Rh4 37. Ka3 f5 38. Rc1 e5 39. Rg1 e4 40. Rg7+ Ke6 41. fxe4 fxe4 42. Ba6 Nf7 43. Rg6+ Kf5 44. Rg1 Rh6 45. Bc8+ Ke5 46. Rd1 Nd6 47. Ba6 Rh3+ 48. Kb2 Nf5 49. Bc8 Rh5 50. Rc1 Rh2 51. Nc6+ Bxc6 52. Rxc6 Rxe2+ 53. Kc1 Nd4 54. Rc5+ Kf4 55. Rc4 Ke5 56. Bb7 e3 57. Rc5+ Ke6 58. Rd5 Rd2 59. Rh5 Nb3+ 60. Kb1 e2 61. Rh6+ Ke5 62. Rh5+ Kd4 63. Rh4+ Kc3 64. Rh3+ Kxb4 0-1

[Event "Newport Open"]
[Site "?"]
[Date "2023.09.10"]
[Round "5"]
[White "Young, Alan"]
[Black "Wu, Yuxuan"]
[Result "1/2-1/2"]
[WhiteElo "2046"]
[BlackElo "1660"]
[PlyCount "91"]
[EventDate "2023.??.??"]
[SourceVersionDate "2023.09.26"]

1. e4 c5 2. Nf3 e6 3. d4 cxd4 4. Nxd4 a6 5. Nc3 Qc7 6. g3 Bb4 7. Bd2 Nf6 8. Bg2 Nc6 9. Nxc6 dxc6 10. O-O e5 11. Bg5 Be6 12. Bxf6 gxf6 13. Qd3 Qd6 14. Qxd6 Bxd6 15. Rfd1 O-O-O 16. a3 Bc5 17. Ne2 Rxd1+ 18. Rxd1 Rd8 19. Rxd8+ Kxd8 20. Nc1 Kc7 21. Kf1 b5 22. Ke1 a5 23. Nd3 Bd6 24. Kd2 c5 25. f4 c4 26. fxe5 fxe5 27. Nf2 Bc5 28. Nd1 b4 29. axb4 axb4 30. Ne3 Bxe3+ 31. Kxe3 Kd6 32. Kd2 Kc5 33. c3 f6 34. Kc2 h6 35. Kd2 Bc8 36. Kc2 Bb7 37. g4 Bc8 38. h3 Be6 39. Bf3 Bd7 40. Kd2 Ba4 41. Be2 Be8 42. Bf3 Kb5 43. Be2 Bf7 44. Bf3 bxc3+ 45. Kxc3 Kc5 46. Be2 1/2-1/2

[Event "Newport Open"]
[Site "?"]
[Date "2023.09.10"]
[Round "5"]
[White "Jukes, Sam"]
[Black "Musson, Adam"]
[Result "1/2-1/2"]
[WhiteElo "1902"]
[BlackElo "2018"]
[PlyCount "125"]
[EventDate "2023.??.??"]
[SourceVersionDate "2023.09.26"]

1. e4 c5 2. Nf3 d6 3. d4 cxd4 4. Qxd4 Nc6 5. Bb5 Bd7 6. Bxc6 Bxc6 7. Nc3 e5 8. Qd3 Nf6 9. Bg5 Be7 10. Bxf6 Bxf6 11. Rd1 Be7 12. Nd5 Bxd5 13. Qxd5 Qb6 14. O-O O-O 15. a4 Rac8 16. Rd3 Qc6 17. c3 Qxd5 18. Rxd5 Rc4 19. Ra5 a6 20. Nd2 Rc6 21. Rd5 Rfc8 22. f3 Kf8 23. Kf2 Bd8 24. Ra1 Rb6 25. Ra2 Ke7 26. Ke3 Ke6 27. Kd3 Rbc6 28. Ra3 g6 29. b4 R6c7 30. g3 h5 31. Kc2 f5 32. Rd3 h4 33. Ra1 hxg3 34. hxg3 Rh7 35. f4 Rh2 36. exf5+ gxf5 37. fxe5 dxe5 38. Kb3 Re2 39. Nf3 Bf6 40. Re1 Rxe1 41. Nxe1 Rd8 42. Rxd8 Bxd8 43. Nd3 Bb6 44. Kc4 Be3 45. b5 a5 46. Nb2 Bf2 47. Kd3 Kd5 48. Nd1 e4+ 49. Ke2 Bxg3 50. Ne3+ Ke6 51. Nc4 Bc7 52. b6 Bd8 53. Nxa5 Bxb6 54. Nxb7 Kd5 55. a5 Ba7 56. c4+ Kc6 57. Nd8+ Kc5 58. Nf7 f4 59. Ng5 Kd4 60. a6 Bb8 61. c5 Kxc5 62. Nxe4+ Kb6 63. Kf3 1/2-1/2

[Event "Newport Open"]
[Site "?"]
[Date "2023.09.10"]
[Round "5"]
[White "Macdonald, Duncan"]
[Black "Fowler, Hugo"]
[Result "1/2-1/2"]
[WhiteElo "1685"]
[BlackElo "1959"]
[PlyCount "104"]
[EventDate "2023.??.??"]
[SourceVersionDate "2023.09.26"]

1. c4 Nf6 2. Nc3 d5 3. cxd5 Nxd5 4. g3 c5 5. Bg2 Nxc3 6. bxc3 Nc6 7. Nf3 g6 8. O-O Bg7 9. e3 O-O 10. d4 Bf5 11. Nh4 Bd7 12. Ba3 cxd4 13. cxd4 Qa5 14. Qb3 Rab8 15. Rac1 Bf6 16. Nf3 Be6 17. Qb2 Rfd8 18. Rfd1 Bd5 19. Rc5 Qa4 20. Rdc1 b6 21. R5c3 Rbc8 22. Qc2 Qxc2 23. R3xc2 a6 24. Ne5 Bxg2 25. Kxg2 Na7 26. Rxc8 Rxc8 27. Nd7 Rxc1 28. Bxc1 b5 29. Nxf6+ exf6 30. d5 Kf8 31. Ba3+ Ke8 32. Bc5 Nc8 33. Kf3 Kd7 34. e4 Nd6 35. Bxd6 Kxd6 36. Ke3 Kc5 37. Kd3 f5 38. f3 fxe4+ 39. fxe4 f5 40. Ke3 a5 41. g4 b4 42. gxf5 gxf5 43. exf5 Kxd5 44. Kd3 a4 45. f6 Ke6 46. Kc4 b3 47. axb3 axb3 48. Kxb3 Kxf6 49. Kc3 Kf5 50. Kd2 Kg4 51. Ke3 Kh3 52. Kf4 Kxh2 1/2-1/2

[Event "Newport Open"]
[Site "?"]
[Date "2023.09.10"]
[Round "5"]
[White "Ashworth, Michael"]
[Black "Smith, Alun"]
[Result "1-0"]
[WhiteElo "2007"]
[BlackElo "1756"]
[PlyCount "82"]
[EventDate "2023.??.??"]
[SourceVersionDate "2023.09.26"]

1. d4 d5 2. c4 e6 3. Nc3 Nf6 4. cxd5 exd5 5. Bg5 c6 6. e3 Nbd7 7. Bd3 Qa5 8. Qc2 h6 9. Bh4 Bd6 10. Nge2 O-O 11. Bg3 Bxg3 12. Nxg3 Re8 13. O-O Nf8 14. Rab1 a6 15. b4 Qd8 16. a4 Qd6 17. Rfc1 Be6 18. b5 cxb5 19. axb5 Rec8 20. bxa6 bxa6 21. Qa2 Ne4 22. Bxe4 dxe4 23. Qa5 Bc4 24. Ncxe4 Qg6 25. Rb6 Qh7 26. Nd6 Bb5 27. Nxc8 Rxc8 28. Qa1 Rxc1+ 29. Qxc1 Qd3 30. h3 Nd7 31. Rb7 Nf6 32. Qc8+ Kh7 33. Qf5+ Qxf5 34. Nxf5 Bc4 35. Nd6 Bd5 36. Ra7 Kg6 37. Rxa6 h5 38. Ne8 Bc4 39. Rb6 Bd5 40. Nxf6 gxf6 41. f3 Kg5 1-0

[Event "Newport Open"]
[Site "?"]
[Date "2023.09.10"]
[Round "5"]
[White "Wilkins, Mark"]
[Black "Turner, Joseph David"]
[Result "0-1"]
[WhiteElo "1904"]
[BlackElo "1850"]
[PlyCount "76"]
[EventDate "2023.??.??"]
[SourceVersionDate "2023.09.26"]

1. d4 Nf6 2. Nc3 d5 3. Bg5 c6 4. Bxf6 exf6 5. e3 Qb6 6. Rb1 Be6 7. Bd3 Bd6 8. Nge2 Nd7 9. Ng3 g6 10. a3 f5 11. Nce2 Nf6 12. c3 h5 13. h4 Ng4 14. Qd2 Qc7 15. b4 O-O 16. f4 Rfe8 17. Nxh5 gxh5 18. O-O Qe7 19. g3 Bd7 20. e4 fxe4 21. Bc2 Bf5 22. Rbe1 e3 23. Qc1 Bxc2 24. Qxc2 Qe4 25. Qxe4 Rxe4 26. Rc1 a5 27. Ra1 axb4 28. axb4 Ree8 29. Rfb1 Nf2 30. Kf1 Ne4 31. Ke1 Nd2 32. Rd1 Rxa1 33. Rxa1 Nc4 34. Ra7 Re7 35. Ra2 b6 36. Nc1 c5 37. Nd3 cxb4 38. cxb4 Re4 0-1

[Event "Newport Open"]
[Site "?"]
[Date "2023.09.10"]
[Round "5"]
[White "Harris, Callum"]
[Black "Thomas, James"]
[Result "1/2-1/2"]
[WhiteElo "1807"]
[BlackElo "1895"]
[PlyCount "64"]
[EventDate "2023.??.??"]
[SourceVersionDate "2023.09.26"]

1. e4 e5 2. Nf3 Nc6 3. d4 exd4 4. Nxd4 Bc5 5. Be3 Qf6 6. c3 Nge7 7. Bc4 Ne5 8. Be2 Qg6 9. f4 Qxg2 10. Rg1 Qxe4 11. fxe5 Qxe3 12. Rxg7 Ng6 13. Qb3 Qf4 14. e6 dxe6 15. Qb5+ Kf8 16. Rxg6 hxg6 17. Qxc5+ Kg7 18. Nd2 Qh4+ 19. Kd1 Qxh2 20. Nb5 b6 21. Qxc7 Ba6 22. Qxh2 Rxh2 23. a4 Rd8 24. Ke1 Rd5 25. Nf1 Rg2 26. Ne3 Rg1+ 27. Bf1 Re5 28. Kf2 Rh1 29. b4 Bb7 30. Nxa7 Rh2+ 31. Kg3 Rhh5 32. Kf2 Rh2+ 1/2-1/2

[Event "Newport Open"]
[Site "?"]
[Date "2023.09.10"]
[Round "5"]
[White "Smith, Callum"]
[Black "Davis, Ashley"]
[Result "1-0"]
[WhiteElo "1409"]
[BlackElo "1852"]
[PlyCount "85"]
[EventDate "2023.??.??"]
[SourceVersionDate "2023.09.26"]

1. e4 c5 2. c3 e6 3. d4 cxd4 4. cxd4 d5 5. exd5 exd5 6. Nf3 Nf6 7. Bg5 Be7 8. Be2 O-O 9. O-O Nc6 10. Nc3 Bf5 11. Re1 Rc8 12. Rc1 Re8 13. a3 h6 14. Bh4 Ne4 15. Bxe7 Rxe7 16. Qb3 Nxc3 17. Rxc3 Qe8 18. Qd1 Bg4 19. Kf1 Re4 20. Bb5 a6 21. Bxc6 Rxc6 22. h3 Rxc3 23. bxc3 Bxf3 24. gxf3 Rxe1+ 25. Qxe1 Qxe1+ 26. Kxe1 Kf8 27. a4 Ke7 28. Kd2 Kd6 29. Kc2 Kc6 30. Kb3 g5 31. f4 f5 32. fxg5 hxg5 33. f3 Kb6 34. Kb4 a5+ 35. Kb3 Kc6 36. c4 dxc4+ 37. Kxc4 b6 38. d5+ Kd6 39. Kb5 Kxd5 40. Kxb6 f4 41. Kxa5 Kc5 42. Ka6 Kc6 43. a5 1-0